000 00874nam a2200277 a 4500
001 BRL_1896
005 20190320211425.0
008 130815s1947----mx-#######---#000-0#spa-#
041 _aspa
044 _amx
050 4 _aGN471
_b.S3 1947
100 1 _aSchnepp, Gerald Joseph
_d1908 -
_928178
245 1 0 _aEl concepto de mana
_cSchnepp, Gerald J. ; introducción de Fernando Jordán ; versión española de Javier Romero.
260 _aMéxico
_b[Escuela Nacional de Antropología e Historia]
_c1947
300 _a106 p.
_c23 cm.
440 0 _aActa Anthropologica
_vII : 3
_928179
500 _aAu2008
500 _aTraducción de: The concept of mana
504 _aBibliografía: p. 101-106
650 1 4 _aMagia
_912071
650 1 4 _aMana
_928180
700 1 _aJodán, Fernando
_928181
700 1 _aRomero, Javier
_etr.
_928182
902 _aGRL
942 _2lcc
_cB
999 _c10704
_d10704